Statystyki dla Quiz o Demokratycznej Republice Konga

Kliknij tutaj aby rozwiązać quiz!

Ogólne statystyki

  • Ten quiz został rozwiązany 1 194 razy
  • Średni wynik to 11 z 20

Statystyki odpowiedzi

PytanieOdpowiedź% Poprawnych
Jaka rzeka przepływa przez te dwie stolice?Kongo
92%
Który europejski kraj skolonizował DRK?Belgia
88%
Jakie miasto jest stolicą Demokratycznej Republiki Konga?Kinszasa
88%
Jaki afrykański kraj jako jedyny jest większy od DRK?Algieria
83%
Jaki jest język urzędowy DRK?Francuski
81%
Jaki kraj jako jedyny leży na równiku i jest większy od DRK?Brazylia
80%
Pod jaką nazwą DRK była niegdyś znana (od 1971 do 1997 roku)?Zair
73%
Które państwo graniczące z DRK jest największe pod względem powierzchni?Angola
72%
Jaka narodowa stolica znajduje się zaledwie 8 km dalej od powyższego miasta?Brazzaville
64%
Od jakiej rzeki w DRK pochodzi nazwa groźnego wirusa?Ebola
62%
Jakie jezioro, drugie największe na świecie pod względem objętości leży pomiędzy
DRK i Tanzanią?`
Tanganika
55%
Jakie dwa metale stanowią najważniejsze surowce eksportowane przez DRK?Miedź
50%
Który europejski król był właścicielem DRK i okrutnie traktował jej mieszkańców?Leopold II
45%
Który gatunek ssaka spokrewniony z żyrafą, mający pręgi przypominające futro zebry
jest zwierzęciem narodowym DRK?
Okapi leśne
38%
Jakie określenie odnosi się do niezwykle niskich i mocno prześladowanych
grup plemiennych DRK i wokół niej?
Pigmejowie
35%
Który afrykański "lingua franca" jest używany przez wielu mieszkańców
wschodniej części państwa
Suahili
32%
Jakie dwa metale stanowią najważniejsze surowce eksportowane przez DRK?Kobalt
26%
Kto był dyktatorem państwa w tym okresie?Mobutu Sese Seko
22%
Jak nazywa się gatunek szympansa, którego można spotkać tylko w DRK?Bonobo
20%
Jak nazywa się najwyższa góra na terenie państwa - nazwana po brytyjskim odkrywcy?Góra Stanleya
18%

Rozkład punktacji

Percentyl według liczby udzielonych odpowiedzi

Procent ludzi z każdym wynikiem

Twoja historia wyników

Nie rozwiązałeś tego quizu